|
|
|
|
| LEADER |
00000nab a2200000 a 4500 |
| 001 |
vtls000732313 |
| 003 |
SK-MaSNL |
| 005 |
20260304115304.0 |
| 008 |
250429c1999 xo 0 slo |
| 015 |
|
|
|a SNBRB2000/09-24062
|
| 035 |
|
|
|a CLN000084429
|
| 035 |
|
|
|a urn:nbn:sk:snk-abk5u
|
| 035 |
|
|
|a (urnnbn)urn:nbn:sk:snk:ar-a045pd
|
| 035 |
|
|
|a (uuid)93d4e7df-8f66-4534-a8b6-2419640db3f5
|
| 040 |
|
|
|a SNKBUCL
|b slo
|c SNKBUCL
|e AACR2
|
| 041 |
0 |
|
|a slo
|
| 044 |
|
|
|a xo
|c SK
|
| 080 |
|
|
|a 616.411-007.42
|2 1997
|
| 245 |
0 |
0 |
|a Akútne komplikácie u dieťaťa s blúdivou slezinou
|c J. Kočajda ... [et al.]
|
| 246 |
1 |
1 |
|a Acute complications in child with wandering spleen
|
| 300 |
|
|
|b Obr.
|
| 504 |
|
|
|a Res. angl., slov.
|
| 504 |
|
|
|a Bibliogr. odkazy
|
| 650 |
0 |
7 |
|a blúdivá slezina
|2 snkbucl
|9 1421574
|
| 650 |
0 |
7 |
|a pankreatitída
|x deti
|2 snkbucl
|9 1421575
|
| 650 |
0 |
7 |
|a deti
|2 snkbucl
|9 773
|
| 655 |
|
7 |
|a články z novín a časopisov
|2 snkbucl
|9 267496
|
| 700 |
1 |
|
|a Kočajda, Jozef
|4 aut
|9 310134
|
| 700 |
1 |
|
|a Lacová, M.
|4 aut
|9 787395
|
| 700 |
1 |
|
|a Marková, I.
|4 aut
|9 823461
|
| 700 |
1 |
|
|a Kapala, Ľ.
|4 aut
|9 951781
|
| 773 |
0 |
|
|t Chirurgický spravodaj
|g Roč. 3, č. 3 (1999), s. 9-11
|x 1335-2954
|
| 850 |
|
|
|a Slovenská národná knižnica
|
| 852 |
|
|
|a Slovenská národná knižnica
|
| 954 |
|
|
|a odborná, vedecká literatúra pôvodná (slovenská)
|2 lita
|
| 958 |
|
|
|a article27
|
| 958 |
|
|
|a OND
|
| 958 |
|
|
|a EUIPO
|
| 999 |
|
|
|c 2875475
|d 2877405
|